[Event "EU-Cup 19th"]
[Site "Rethymno"]
[Date "2003.09.30"]
[Round "3.1"]
[White "Ivanchuk, Vassily"]
[Black "Van Wely, Loek"]
[Result "1-0"]
[WhiteElo "2710"]
[BlackElo "2661"]
[Annotator "Rogozenco,D"]
[PlyCount "79"]
[EventDate "2003.09.28"]
[EventType "team-swiss"]
[EventRounds "7"]
[EventCountry "GRE"]
[SourceTitle "CBM 098"]
[Source "ChessBase"]
[SourceDate "2004.02.03"]
[SourceVersion "1"]
[SourceVersionDate "2004.02.03"]
[SourceQuality "1"]
[WhiteTeam "Warsaw Polonia"]
[BlackTeam "Clichy Echecs 92"]
[WhiteTeamCountry "POL"]
[BlackTeamCountry "FRA"]

{In order to confirm once more several rather well-known things, a small
introduction to the present encounter is needed. When I first briefly saw the
text of the game, I had some doubts whether the record of all moves is
entirely correct (just for information - the computer recording of the games
are usually made by a human from the scoresheets of the players). I had a
similar feeling in the past a couple of times with other games and each time I
was right - it turned out that in reality some moves where played differently
than in the recorded computer notation, although in the end often same
positions would arise.  In this game, at some point Ivanchuk sacrificed an
exchange apparently out of the blue, offering Black a choice to take either
the exchange or a pawn. For some reasons Black didn't take material. I doubted
that this really happened in the game, so I contacted Loek Van Wely, who said
"yes, Ivanchuk simply ignored my threat. I should have taken the exchange". To
my question "what about the pawn then?", he replied "yes, the guy tricked me
twice...", although he admitted that "a pawn is just a pawn, but I should have
taken the exchange!" Thus, I convinced myself once again that: 1.Ivanchuk is a
brilliant chess player and for a mere mortals like me occasionally is far from
easy to understand quickly this guy's way of thinking.  2.Trust ChessBase!
Sometimes is impossible to descipher certain individuals' handwriting on the
scoresheet, and there is little to do about that. However, the notation
provided by ChessBase is in 99,99% cases correct. 3."If you prepare a threat
and have a chance to execute it, don't hesitate!", concluded Loek Van Wely,
who in the end of our discussion sent his friendly greetings to all ChessBase
users.} 1. e4 c5 2. Nf3 Nc6 3. d4 cxd4 4. Nxd4 Nf6 5. Nc3 e5 6. Ndb5 d6 7. Bg5
a6 8. Na3 b5 9. Bxf6 gxf6 10. Nd5 f5 11. g3 {An idea of Latvian players,
introduced first by Janis Klovans in 1975 and then used by Zigurds Lanka. The
bishop aims for the long diagonal, and later from e4 it will exert pressure on
both flangs.} fxe4 12. Bg2 Bg7 {Often Black plays 12...Be6 first, but Van Wely
had something different in mind.} (12... Bf5 {Protecting the pawn is
considered wrong by the theory, although it is not entirely clear. Van Wely
played it as well.} 13. f3 $1 (13. O-O Bg7 14. Re1 O-O 15. c3 Ne7 16. Nc2 Rc8
17. Nxe7+ Qxe7 $11 {1/2-1/2 Adams,M-Van Wely,L/Tilburg 1998 (36)}) 13... e3 14.
f4 (14. Nxe3 Be6 15. f4 Rc8 $13) 14... Rc8 15. O-O (15. c3 exf4 16. O-O Bh6 17.
gxf4 Rg8 18. Qf3 Qh4 19. Kh1 Kf8 20. Nxe3 Bd3 21. Nac2 (21. Rf2 Be4 $1) 21...
Ne7 22. Nd4 Rc5 23. Qa8+ Kg7 24. Qb7 Bxf1 25. Rxf1 Rh5 $17 {0-1 Movsesian,
S-Babula,V/Czechia 2001 (33)}) 15... Nd4 16. fxe5 dxe5 17. Nxe3 Bg6 18. c3 Ne6
19. Nd5 Bg7 20. Qe2 O-O 21. Rad1 $13 {1-0 Suarez Real,A-Stross,F/EU-ch
Internet qual 2003 (31)}) (12... Be6 13. Bxe4 Bg7 14. Qh5 $1 (14. Nf6+ $2 Bxf6
15. Bxc6+ Ke7 16. Bxa8 Qxa8 $44 {[%csl Ra3,Ge6,Gf6][%cal Ga8h1,Gh7h5,Gh5h4]})
14... Rc8 15. c3 ({or} 15. O-O Ne7 16. Rad1 Nxd5 ({also possible is} 16... Rc5
17. Nb4 Qb6 18. Qg5 Kf8 19. Qe3) 17. Bxd5 O-O 18. c3 Qd7 ({The immediate} 18...
Rc5 $11 {is more precise.}) 19. Rd2 Rc5 20. Qd1 Rd8 21. Nc2 Bg4 22. Bf3 Be6 23.
Bd5 (23. Nb4 $5) 23... Bg4 {1/2-1/2 Lanka,Z-Jussupow,A/Baku 1979}) 15... Ne7
16. Rd1 Rc5 17. Nb4 Qb6 18. Qg5 Kf8 19. Qe3 {is the main position of the 11.
g3-variation.}) 13. Bxe4 Rb8 $5 {Black avoids the main line, starting with 13..
.Be6.} (13... Ra7 14. Qh5 Ne7 15. O-O (15. Nxe7 $5) (15. Rd1 $5) 15... Nxd5 16.
Bxd5 O-O 17. c4 $14 {1-0 Liss,E-Tsesarsky,I/Israel 1998 (55)}) (13... Be6 {
Transfers to 12...Be6 13.Bxe4 Bg7.}) 14. Qh5 {An important move in White's
plan - to prevent Black from castling.} (14. c3 O-O 15. Nc2 f5 16. Bg2 a5 $11 {
1/2-1/2 Shamkovich,L-Ochoa de Echaguen,F/New York 1987 (44)}) 14... Ne7 (14...
h6 $6 15. Rd1 O-O 16. g4 $5 Nd4 17. Rg1 f6 18. Qg6 Rf7 19. c3 Ne6 20. Nc2 Kf8
21. Nce3 Nf4 22. Nxf4 exf4 23. Nd5 Bb7 24. Qf5 $16 {1-0 Zapata,A-Espinosa
Flores,R/Cali 1990 (44)}) (14... Be6 15. Rd1 Ne7 16. c3 ({Better is} 16. Nxe7
Qxe7 17. c3 {which leads to the main game}) 16... Nxd5 17. Bxd5 O-O (17... Qd7
$5 $11) 18. Nc2 $11 {comparing to our game, here Black avoided the move h7-h6,
Stolz,M-Kalinitschew,S/Germany 1992.}) 15. Nxe7 $1 {This is a novelty. Usually
White tries to keep a piece on d5, but Ivanchuk's main idea was to prevent
Black from castle, so he wanted to keep the bishop on the diagonal b1-h7.} (15.
Rd1 Nxd5 16. Bxd5 O-O $11) 15... Qxe7 16. c3 {To understand better what
happened next, it's important to realise the following: - as long as Black is
not able to advance d6-d5, White has a better pawn structure. If Black
succeeds to play d6-d5, then usually he immediately solves all problems; -
Black's weakest squares are d5 and f5, that's why the black light-squared
bishop is extremely important. With its disappearance, White will have huge
positional advantage because of the absolut control of those squares; - for
the moment Black has problems to castle short. Apparently he can easily solve
it by playing h7-h6, but such a move will have negative consequences later, as
explained below.} ({After} 16. O-O Be6 17. Rfd1 b4 {White must retreat the
knight to b1.} 18. Nb1 Qd7 $5 $11) 16... Be6 {[%cal Gd6d5] Threatening 17...d5.
} 17. Rd1 {Preventing the threat, but what about pawn a2?} (17. O-O d5 {
is obviously fine for Black.}) 17... Qd7 {[%cal Ge6g4]} (17... Bxa2 $6 {
After this move White gets a great compensation for the pawn:} 18. Nc2 (18. O-O
Bb3 19. Rd2 (19. Nc2 $6 d5) 19... Rd8 {[%cal Gd6d5]} 20. Bc6+ (20. Nc2 $6 d5)
20... Kf8 21. Nc2 Bxc2 22. Rxc2 d5 23. Ra1 $5) 18... Bb3 (18... Rd8 19. Ne3 $44
) 19. Rd2 Bxc2 20. Rxc2 {[%csl Rd5,Rf5] To remind Loek's wise words - "A pawn
is just a pawn", which here means that for a slight material advantage Black
will have to suffer during the whole game. The presence of opposite-coloured
bishops only makes Black's life harder, since on the light squares White has
an extra piece, while the dark-squares are of no importance. Black has
probably reasonable chances to achieve a draw, which in fact is the most
likely outcome, but life without any perspectives is worth little.} (20. Bxc2
$5 $44 e4 21. Bxe4 Qe5 $16 {/+/=})) 18. O-O $5 {An amazing move, completely
ignoring Black's threat Bg4. Ivanchuk is ready to give up the exchange in
order to take control over the light squares.} (18. h3 {is a concession, since
it wastes time and weakens the pawn structure.}) 18... h6 $2 {This move is bad
for several reasons. The main one is of a general nature - if you have a plan,
go for it. White ignored 18...Bg4, but by refusing to play this, Black
psychologically lost the battle. Secondly, Black's main idea in such a pawn
formation is to push f7-f5 (d6-d5 would be nice too, but less realistic).
After pushing the pawn on f5, the weak square g6 can play a role in all sorts
of tactical complications. And last but not least, the square h6 cannot be
used anymore by Black's pieces.} (18... Bg4 {Black had to play this. Only in
such a way Ivanchuk's positional exchange sacrifice could be tested.} 19. Qh4 (
19. Qg5 O-O (19... f6 20. Qh4 Bxd1 21. Rxd1 $44) 20. Qh4 h6 (20... f5 21. Bd5+
Kh8 22. f3 Bf6 23. Qh6 Bg7 24. Qh4 (24. Qe3 Bh3 {ahould be fine for Black})
24... Bf6 $11) 21. Rd2 $14) 19... Bxd1 20. Rxd1 {White hopes to have total
control of squares d5 and f5 as the compensation for the exchange. With the
knight on e3, Black would have serious problems to find any sensible
counterplay, while with the knight on a3 Black is able to get a normal
position.} h5 $1 {[%cal Gh8h6,Gd7g4,Gg7f6] As pointed out by Van Wely, Black
is okay after this move. White still keeps positional compensation (many
weaknesses in Black's pawn formation), but it will not be sufficient for
advantage. For instance:} 21. h3 (21. Qg5 Qg4 (21... Kf8 $5) 22. Qxg4 hxg4 23.
Bf5 Rd8 24. Rd5 Bh6 $5 {[%cal Gh6c1]}) 21... Rh6 22. Bg2 Bf6 23. Qb4 Rd8 {
[%cal Ge8f8,Gf8g7]}) (18... d5 $2 19. Nc2 Bg4 20. Qg5 f6 21. Qh4 Bxd1 22. Rxd1
$16) 19. Nc2 O-O (19... Bg4 {Here this is already less attractive. White gets
a clear compensation:} 20. Qh4 Bxd1 21. Rxd1 O-O 22. Ne3 $44 {[%csl Rd5,Rf5,
Rg7,Rg8]} f5 23. Qh3 $16) 20. Ne3 f5 {[%csl Rg6]} 21. Bd5 $14 {/+/-} Kh8 22.
Bxe6 Qxe6 23. Nd5 {With the pawn on h7 the position would be between equal and
slightly better for White. With the pawn on h6 the position is between
slightly better and clear better for White. Concretely: Black does not have
moves like 23...e4 because of 24.Nf4-g6+. Also not possible is to play ...Qg6.}
f4 24. Rd2 {Easy play for White, while Black must create something, otherwise
he will be slowly in dire straits.} Rf5 25. Qe2 fxg3 ({Maybe it made sense to
try further advance, since there are plenty of tricks connected with Qh3 and
Rf4. However, with precise play White maintain a safe advantage.} 25... f3 26.
Qe4 Rbf8 27. Ne3 $1 (27. Rfd1 Rh5 28. h4 Qh3 29. Ne3 Rf4 30. gxf4 Rxh4 31. Qa8+
Kh7 32. Qe4+ Kg8 33. Qd5+ $11) (27. h4 {[%cal Gg1h2]} Rf4 $1 $132) (27. Rd3
R5f7 (27... Rf4 $2 28. Nxf4 Rxf4 29. Qa8+ Kh7 30. Rxf3 $18) 28. Rfd1 Qh3 29.
Ne3 Rf4 {Even here this is possible, although White is not forced to take.} 30.
Qg6 (30. gxf4 exf4 $40 {[%cal Gg7e5]}) 30... R8f6 31. Qe8+ Rf8 32. Qe7 Re4 $13)
27... Rh5 (27... Rg5 28. h4 Rg6 29. Rfd1 $16) 28. Qg4 $16) 26. hxg3 (26. fxg3
$5) 26... e4 $6 (26... Rbf8 {would have kept more chances.} 27. Qe4 $14 (27. f3
$6) (27. f4 $5) (27. Kg2 $5)) 27. Rfd1 Rbf8 $6 (27... Rg5 $142) 28. f4 $1 $16
Qg6 $2 (28... R5f7 29. Ne3 $16 {[%cal Ge2g4]}) 29. Qxe4 $1 Qxg3+ 30. Rg2 Qh3 (
30... Qh4 31. Ne7 $18) 31. Ne7 $18 {The weakness of square g6 finally plays
the decisive role.} Rh5 32. Ng6+ Kg8 33. Nxf8 Qh1+ 34. Kf2 Qxd1 35. Qh7+ {
White has a forced mate} Kxf8 36. Qxg7+ Ke8 37. Qg8+ Kd7 38. Rg7+ Kc6 39. Qa8+
Kb6 40. Qb7+ (40. Qb7+ Ka5 (40... Kc5 41. Rc7#) 41. b4+ Ka4 42. Qxa6#) 1-0

[Event "RUS-chT 11th"]
[Site "Sochi"]
[Date "2004.04.20"]
[Round "1.2"]
[White "Jakovenko, Dmitrij"]
[Black "Maletin, Pavel"]
[Result "1/2-1/2"]
[WhiteElo "2582"]
[BlackElo "2423"]
[Annotator "Rogozenco,D"]
[PlyCount "84"]
[EventDate "2004.04.20"]
[EventType "team-tourn"]
[EventRounds "9"]
[EventCountry "RUS"]
[SourceTitle "EXT 2020"]
[Source "ChessBase"]
[SourceDate "2019.10.17"]
[SourceVersion "1"]
[SourceVersionDate "2019.10.17"]
[SourceQuality "1"]
[WhiteTeam "Tomsk 400"]
[BlackTeam "Tomsk Siberian Athens-Neftekhim"]
[WhiteTeamCountry "RUS"]
[BlackTeamCountry "RUS"]

1. e4 c5 2. Nf3 Nc6 3. d4 cxd4 4. Nxd4 Nf6 5. Nc3 e5 6. Ndb5 d6 7. Bg5 a6 8.
Na3 b5 9. Bxf6 gxf6 10. Nd5 f5 11. Bd3 Be6 12. O-O Bxd5 13. exd5 Ne7 14. c3 (
14. Qh5 e4 15. Be2 Bg7 16. c3 O-O 17. Nc2 {is another move order to reach the
game position.}) 14... Bg7 15. Qh5 (15. Re1 {[%cal Gd3f1] prepares the retreat
of the bishop to f1, but of course it costs a tempo.}) 15... e4 16. Be2 (16.
Bc2 {has been for the long time White's only way to fight for advantage.
Nowadays the verdict of 16.Bc2 is that Black can reach reasonable chances in
all lines.}) 16... O-O (16... b4 17. cxb4 Bxb2 18. Rab1 Bxa3 19. Rb3 $14) ({
An interesting alternative is} 16... Qd7 17. Rad1 Ng6 {which was tried in the
blitz game Kramnik,V-Anand,V/Munich 1994.}) 17. Nc2 f4 ({Another plan starts
with} 17... Rc8) 18. Qg5 {The greedy move...} (18. f3 {offers White in my
opinion more chances than 18.Qg5.}) 18... f5 $1 {The principled answer. Black
shouldn't be afraid to sac a pawn in such situations.} (18... Ng6 19. Qxd8
Raxd8 20. a4 f3 $1 21. gxf3 Nf4 22. Bd1 ({Better looks} 22. Rfe1 $5 Nxe2+ 23.
Rxe2 exf3 24. Re3) 22... f5 {lead to unclear endgame in the correspondence
Helmreich,R-Von Fehrn,A 1990.}) 19. Rfd1 (19. Qxf4 Nxd5) 19... f3 $1 20. gxf3
Kh8 (20... Rf6 21. Kh1 Rg6 22. Qe3 Bh6 23. f4 (23. Qd4 $1 Bf4 24. Rg1 Qf8 25.
Rxg6+ Nxg6 26. Rg1 Qh6 27. Rg2 Re8 $44 {1/2-1/2 Nijboer,F-Avrukh,B/Plovdiv
2003 (34)}) 23... Qf8 24. f3 {A.Nikitin}) 21. Kh1 Rg8 (21... Be5 22. f4 Rg8 23.
Qh4 Bg7 24. Bh5 ({A.Nikitin rightly considers that} 24. Ne3 {followed by 25.
Rg1 secures White advantage.}) 24... Qf8 25. Ne3 Bf6 26. Qh3 Qh6 $11 {1/2-1/2
Smirnov,P-Nijboer,F/Istanbul 2003 (36)}) 22. Qe3 Ng6 23. Nd4 Be5 24. Nc6 $146 {
A novelty, setting some new problems for the second player. In principle all
these positions are very close to draw in spite of their complexity. White's
extra pawn on the queenside doesn't play a big role for the moment, since the
main battlefield is kingside, where Black has the initiative. Nowadays such an
interesting opening like Sveshnikov Sicilian is extremely well-studied, where
people analyze positions beginning with move 25 or so. There is always less
room left for one's own imagination during the game, that's why after reaching
its peak in years 2000-2004, I believe Sveshnikov Sicilian is becoming less
attractive for the majority of Black players. It's simply very difficult to be
prepared against the multitude of White's options.} (24. Nxf5 exf3 25. Qxf3 Qf6
$44 {1/2-1/2 Grischuk,A-Krasenkow,M/Germany 2003 (41)}) 24... Qh4 25. Nxe5 Nxe5
(25... dxe5 $5 {Leaving White with a strong passed pawn on d5 looks dubious,
but the idea is to take control over square f4 and use later the f-file for
active actions:} 26. fxe4 Raf8 27. Rg1 (27. d6 $2 fxe4 28. f3 Rf6 $36 {[%cal
Gg6f4]}) 27... fxe4 28. Rg3 (28. Rg4 Qxf2 29. Qxe4 Rf4 $44 30. Rf1 $2 Rxe4 31.
Rxf2 Nf4 32. Rxg8+ Kxg8 $15) 28... Rf4 $44) 26. f4 {An interesting decision,
keeping the e-file closed.} (26. Rg1 exf3 27. Bxf3 Rae8 (27... Nc4 $5 28. Qe2
Qf4) 28. Rae1 Qh3 29. Be2 Rxg1+ 30. Rxg1 Qxe3 31. fxe3 Nc4 32. Bxc4 bxc4 {
is an example of a drawish rook endgame.}) (26. fxe4 $4 f4 27. Qd4 Qh3 28. Rg1
f3 $19) 26... Ng6 27. Rg1 Rg7 {Pawn f4 is taboo for the moment.} (27... Qxf4 $4
28. Rxg6 Qxe3 29. Rxg8+) (27... Nxf4 $4 28. Qd4+ $18) 28. a4 Rag8 $5 29. Qg3 $2
(29. axb5 $1 {The only move justifying White's previous strategy.} axb5 (29...
Nxf4 30. bxa6 {The king on h8 is often exposed to checks either on the 8th
rank, or on the big diagonal, that's why Black is not able to create quick
threats against White's king.} (30. Rxg7 Rxg7 31. Rxa6 (31. bxa6 Nh3 $40 {
[%cal Gf5f4]}) 31... h6 32. Ra8+ Kh7 33. Ra7 Rxa7 34. Qxa7+ Kg6 $44) 30... Nh3
31. Rg3 Nxf2+ (31... f4 32. Rxh3 fxe3 33. Rxh4 exf2 34. Rg4 $1 $16) 32. Qxf2 e3
(32... Rxg3 33. a7 $18) 33. Rxg7 (33. Qxe3 Rxg3 34. Qd4+ Qxd4 35. cxd4 Rb3 $17)
33... exf2 34. Rxg8+ Kxg8 35. Kg2 $1 {Black will start giving checks and
probably White can escape somehow. This is hardly an acceptable variation for
Black.} (35. a7 $4 Qe4+) 35... Qg5+ 36. Kxf2 Qf4+ {and it is unclear whether
White escapes from perpetual check.}) 30. Bxb5 h6 {An ugly move, but the king
needs some space.} 31. Ra7 Rxa7 (31... Ne7 32. Rg3 $1 Nxd5 33. Qd4 Nf6 34.
Raxg7 Rxg7 35. Be2 $16) 32. Qxa7 Qxf4 33. Qe3 $14) 29... Qxf4 (29... Qh6 30.
Qg5) 30. Qxf4 Nxf4 31. Rxg7 Rxg7 32. Bf1 bxa4 33. Rxa4 Rb7 34. b4 Nxd5 35. Bxa6
(35. Rxa6 Nxc3 36. Rxd6 Rxb4 $17) 35... Nxc3 {This leads to a draw by force.} (
35... Rb6 {required from White a longer defence until he would reach a draw.})
36. Bxb7 Nxa4 37. Bc8 $1 f4 38. Bb7 $1 e3 39. fxe3 fxe3 40. Kg2 Nc3 41. Bc6 d5
42. b5 Nxb5 1/2-1/2

[Event "Mario Covas 4th"]
[Site "Santos"]
[Date "2004.08.03"]
[Round "4"]
[White "Milos, Gilberto"]
[Black "Matsuura, Everaldo"]
[Result "1/2-1/2"]
[WhiteElo "2601"]
[BlackElo "2490"]
[Annotator "Rogozenco,D"]
[PlyCount "73"]
[EventDate "2004.07.31"]
[EventType "tourn"]
[EventRounds "9"]
[EventCountry "BRA"]
[EventCategory "11"]
[SourceTitle "CBM 103"]
[Source "ChessBase"]
[SourceDate "2004.11.11"]
[SourceVersion "1"]
[SourceVersionDate "2004.11.11"]
[SourceQuality "1"]

1. e4 c5 2. Nf3 Nc6 3. d4 cxd4 4. Nxd4 Nf6 5. Nc3 e5 6. Ndb5 d6 7. Bg5 a6 8.
Na3 b5 9. Bxf6 gxf6 10. Nd5 f5 11. Bd3 Be6 12. O-O (12. Qh5 Bg7 (12... Rg8 $1)
13. O-O O-O 14. c4 $14) 12... Bg7 {Now White transposes to the favourable
variation mentioned above, where he avoided 12...Rg8.} (12... Bxd5 13. exd5 Ne7
{is much more popular nowadays, with a very big amount of fresh theory.}) 13.
Qh5 f4 (13... O-O $2 14. exf5 Bxd5 15. f6 $18) 14. c4 O-O (14... bxc4 {is the
main continuation.} 15. Bxc4 $14) 15. cxb5 Nd4 16. Nc2 $14 {/+/-} (16. bxa6
Bxd5 17. exd5 f5 $44) 16... Nxb5 (16... Nxc2 17. Bxc2 axb5 18. Bb3 Kh8 (18...
Bxd5 19. Bxd5 Rc8 20. Rac1 $16 {1-0 Hooykaas,G-Hodenius,F/NED-ch H corr 1992 
(37)}) (18... f5 19. exf5 Rxf5 20. Qh3 Kh8 21. Bc2 $16) 19. Rac1 $16) 17. a4 (
17. Ncb4 Nd4 18. Rac1 a5 19. Nc6 Nxc6 20. Rxc6 Ra7 21. Rfc1 $16 {Cobo Arteaga,
E-Ochoa de Echaguen,F/Cienfuegos 27/(377) 1979/D Inf 27 (21)}) 17... Na7 (17...
Nc7 18. Ncb4 Bd7 19. Nxc7 Qxc7 20. Nd5 Qd8 21. b4 $16 {1-0 Prandstetter,
E-Neckar,L/Ostrava 1976 (47)}) 18. Rfd1 $146 ({White also keeps advantage
after the old} 18. a5 {which secures square b6 for the knight and blockades
the weakness on a6.} Nc6 (18... Rb8 19. Nb6 $1 Nc6 20. b4 Ne7 21. Rfd1 $16 {
1-0 Von Buelow,G-Reis,G/Binz 1994 (29)}) 19. b4 f5 20. Nb6 Ra7 21. Qe2 $14 {
1-0 Makarichev,S-Sveshnikov,E/Tbilisi 1978 URS-ch (44)}) 18... Rb8 19. b4 Qd7
20. Bc4 (20. Bxa6 Bg4 21. Qh4 Bxd1 22. Rxd1 Qxa4 23. Bd3 $44 (23. Nf6+ Bxf6 24.
Qxf6 $11) 23... Qe8 24. Nd4 $1 $16 (24. Nf6+ $2 Bxf6 25. Qxf6 Qe6 $17) (24.
Ne7+ Kh8 25. Nf5 Qe6)) (20. Qh4 Bxd5 21. exd5 f5 22. Bxa6 Rf6 $44) (20. Qe2 $5
Bxd5 21. exd5 f5 22. Bxa6 e4 23. Ra3 {it is unclear if Black can prove any
real compensation here}) 20... Kh8 (20... Bg4 21. Qg5 Kh8 22. f3 $16) 21. Rd3
Rfc8 (21... f5 22. Rh3 h6 23. Qg6 $36) 22. Bb3 Rc6 23. Ne1 Rbc8 24. Nf3 Rc1+
25. Rd1 Rxd1+ (25... Rxa1 26. Rxa1 $16) 26. Rxd1 $16 Rf8 27. Rc1 Rc8 28. Rd1
Rf8 29. h3 Nc6 30. Rc1 (30. b5 axb5 31. axb5 Na5 (31... Ne7 $2 32. Ng5 h6 33.
Nf6 Qc8 34. Bxe6 fxe6 35. Nf7+ $18) 32. Ba2 $16 Nb7 (32... Qxb5 33. Ng5 h6 34.
Nc7 $18) 33. Nb6 $5 Qxb5 34. Bxe6 fxe6 35. Ng5 h6 36. Nxe6 $16 Qxb6 $2 37. Qg6
Rg8 38. Ng5 hxg5 39. Qh5+ Bh6 40. Qxh6#) 30... h6 31. Nf6 $6 (31. b5 $1 axb5 (
31... Na5 32. Rc7 Qd8 33. Bc2 $16 Bxd5 $140 34. exd5 Qxc7 35. Qf5 $18) 32. axb5
Na5 33. Ba4 {[%cal Gc1c7]} Bxd5 34. exd5 {and it is not clear how can Black
prevent his opponent from taking full control over light squares by means of
Bc2 and Nh4:} Nb7 (34... e4 35. Nh4 $16) (34... f5 35. Ng5 $1 $16) 35. Bc2 Nc5
(35... Rc8 36. Nh4 e4 37. Nf5 Kh7 38. f3 $16) 36. Nh4 Qxb5 37. Qf5 $16) (31.
Rb1 Rb8 $1) 31... Bxf6 $11 32. Qxh6+ Kg8 33. Qxf6 Bxb3 34. Qg5+ Kh7 35. Qh5+
Kg7 36. Qg5+ Kh7 37. Qh5+ 1/2-1/2